[Event "COL-ch U20"]
[Site "Bogota"]
[Date "2009.04.03"]
[Round "4.16"]
[White "Suarez Duarte, Walter Camilo"]
[Black "Arias Pinto, Juan Camilo"]
[Result "0-1"]
[WhiteElo "1984"]
[BlackElo "1734"]
[PlyCount "167"]
[EventDate "2009.04.03"]
[EventType "swiss"]
[EventRounds "7"]
[EventCountry "COL"]
[SourceTitle "EXT 2024"]
[Source "ChessBase"]
[SourceDate "2023.10.10"]
[SourceVersion "1"]
[SourceVersionDate "2023.10.10"]
[SourceQuality "1"]

1. d4 Nf6 2. Nf3 d6 3. c4 g6 4. Nc3 Bg7 5. e4 Nbd7 6. Be2 c6 7. 0-0 0-0 8. Qc2 e5 9. Rd1 Qc7 10. h3 a6 11. Rb1 b5 12. Be3 Bb7 13. dxe5 dxe5 14. a4 b4 15. Na2 c5 16. Nd2 Rfe8 17. Rf1 Nf8 18. f4 Bh6 19. Bf3 exf4 20. Bf2 Ne6 21. Rbe1 Ng5 22. Nc1 Nxf3+ 23. gxf3 Bc8 24. Kg2 Be6 25. Rh1 Nd7 26. Nd3 Bf8 27. b3 Ne5 28. Nxf4 Nc6 29. Nd5 Bxd5 30. cxd5 Ne5 31. Bg3 Qb7 32. Nc4 Nxc4 33. Qxc4 Qb6 34. Re2 Rad8 35. Rhe1 Rd7 36. e5 Rde7 37. e6 fxe6 38. dxe6 Bg7 39. Be5 Bxe5 40. Rxe5 Kg7 41. h4 Qd6 42. Rd5 Qb6 43. Rde5 Qd6 44. Qg4 Qd2+ 45. R1e2 Qc3 46. R5e3 Qd4 47. Re4 Qd5 48. Re5 Qxb3 49. f4 Qc4 50. h5 b3 51. Qg5 Rxe6 52. h6+ Kf7 53. Rf2 Qxa4 54. Rxe6 Rxe6 55. f5 Qe4+ 56. Kg1 Qe1+ 57. Kg2 Qe4+ 58. Kg1 Rf6 59. fxg6+ Qxg6 60. Rxf6+ Qxf6 61. Qd5+ Kg6 62. Qxb3 Kxh6 63. Qh3+ Kg7 64. Qd7+ Qf7 65. Qc8 c4 66. Qc5 Qg6+ 67. Kh2 Qh6+ 68. Kg3 Qg6+ 69. Kh2 Qc2+ 70. Kh3 Qd3+ 71. Kh2 c3 72. Qe7+ Kg6 73. Qe8+ Kf5 74. Qh5+ Kf4 75. Qh6+ Kf3 76. Qh3+ Ke2 77. Qg2+ Kd1 78. Qg1+ Kd2 79. Qg5+ Kc2 80. Qg8 Qd6+ 81. Kh1 Qh6+ 82. Kg2 Qg6+ 83. Qxg6+ hxg6 84. Kh3 0-1